[Event "Turnier 40 / 120"]
[Site "Wien"]
[Date "2023.??.??"]
[Round "24"]
[White "ChessGenius Exclusive 300 MHz"]
[Black "Tasc R40 V2.50 Phoenix"]
[Result "1/2-1/2"]
[WhiteElo "2405"]
[BlackElo "2401"]
[Annotator "Christian"]
[PlyCount "117"]
[EventDate "2023.??.??"]

{[%evp 0,87,19,31,76,64,81,13,12,26,26,-38,-22,0,6,6,-12,-36,16,-5,-1,19,21,0,-2,-18,-16,5,-20,-13,26,20,47,28,33,7,10,2,39,39,38,22,35,42,62,57,54,42,43,53,30,-2,40,27,37,40,22,16,17,0,107,73,107,66,73,0,0,0,0,0,0,0,0,-4,0,-72,-76,-68,-68,-68,-68,-68,-68,-68,-68,-57,2,0,16,-11] Runde 24: Pirc Ufimzew / Eine Partie mit nur kleineren Ungenauigkeiten beider Geräte, MCGE kann zwar einen Bauern gewinnen im Turmendspiel, dadurch dass es jedoch 2 zerissene und nicht geschlossene Freibauern sind ist es letztlich nicht zu gewinnen. Stand: 14,0 : 10,0 für MCGE 300 MHZ (58,33 %)} 1. e4 d6 2. d4 Nf6 {Buchende (schon wieder nach 2 Zügen)} 3. Bd3 Nc6 {Buchbewertung Tasc R40 V 2.5: -0,28} (3... e5 {ist besser (KUT)}) 4. c3 e5 5. Ne2 d5 6. exd5 {Buchende} Qxd5 7. O-O {Buchbewertung MCGE: -0,09 / lt. Komodo steht Weiss knapp besser mit ca. +0,30} Be7 8. Re1 Bg4 9. f3 Be6 10. Be3 O-O 11. Nd2 Rfd8 12. Nb3 Qd7 13. Qc2 a5 14. Red1 exd4 {weniger gut, klar zu bevorzugen war a4, Komodo -0,70} 15. Nbxd4 Nxd4 16. Bxd4 $2 {eindeutig die falsche Schlagoption, deutlich besser ist Sxd4, nach dem Textzug ist Weiss nur noch knapp im Vorteil mit ca. +0,20 (büsst etwa 0,8 Bauerneinheiten !! ein)} Qc6 17. Bxf6 Bxf6 18. Bxh7+ {Ok, Weiss hat einen Bauern erobert, in dieser Stellung allerdings keinerlei Vorteil gewonnen, Komodo 0,00} Kf8 19. Bd3 a4 20. Kh1 Qc5 {nicht ideal, besser ist g6} 21. Nf4 Bd7 22. Be4 a3 23. b3 $2 {ein schlechter Zug, danach ist Schwarz bereits im Vorteil, Komodo -0,80 mit der Fortsetzung Dxc3, deutlich besser ist Sd3 oder Sd5} Bc6 $2 {auch nicht ideal, danach ist die Stellung wieder etwa gleich} 24. Bxc6 Qxc6 25. Rac1 {besser ist Se2} Bg5 $2 {deutlich vorzuziehen war Dxc3, die Stellung ist im Lot, Komodo 0,00} 26. Qf5 Rxd1+ 27. Rxd1 Bxf4 28. Qxf4 Qxc3 29. h3 Re8 30. Rd7 Re7 31. Rd8+ Re8 32. Qh4 g6 33. Qh6+ Ke7 34. Rd1 Kf6 35. Qf4+ Kg7 36. Rd7 Qf6 37. Qxf6+ Kxf6 38. Rxc7 Re2 39. Rxb7 Rxa2 40. Ra7 Ke5 41. Ra4 {die Stellung ist Remis, Komodo 0,00, natürlich auf keinen Fall Txf7, das verliert sofort} Kd5 42. h4 Ke6 43. Kg1 Ra1+ 44. Kh2 Ke5 45. g4 f5 46. h5 Ra2+ 47. Kg3 f4+ 48. Rxf4 gxh5 49. Re4+ Kf6 50. gxh5 Rb2 51. Ra4 {MCGE ist überzeugt, das zu gewinnen, Bewertung: +2,20, tatsächlich ist es jedoch Remis, durch die zerissenen Bauern von Weiss kann er es nicht gewinnen, anders wäre es natürlich bei geschlossenen Bauern} Rxb3 {Tasc R40 V 2.5, erkennt es richtig: Bewertung: -0,16} 52. Kg4 Kg7 53. f4 Kh7 54. Ra8 Kh6 55. Ra6+ Kh7 56. Kg5 Rg3+ 57. Kh4 Rf3 58. Ra7+ Kh6 59. Kg4 {Ja, es geht einfach nichts mehr, wenn Weiss weiter vorrücken sollte mit dem F-Bauern und mit dem König auf g5 bekommt er immer von hinten das Schach dann wird abwechselnd der H bzw. der F-Bauer angegriffen, daher Userentscheid: Remis} 1/2-1/2

[Event "Turnier 40 / 120"]
[Site "Wien"]
[Date "2023.??.??"]
[Round "25"]
[White "Tasc R40 V2.50 Phoenix"]
[Black "ChessGenius Exclusive 300 MHz"]
[Result "1/2-1/2"]
[WhiteElo "2401"]
[BlackElo "2405"]
[Annotator "Christian"]
[PlyCount "71"]
[EventDate "2023.??.??"]

{[%evp 0,56,19,38,40,6,0,-23,-22,-5,12,43,38,9,36,16,30,-5,12,10,2,13,23,28,37,8,11,-2,5,-3,-15,-18,-8,6,5,-23,0,0,-3,-34,6,10,3,8,8,6,4,4,12,12,24,26,29,11,8,0,1,0,0] Runde 25: Sizilianisch / Eine solide Partie beider Geräte ohne Besonderheiten endet mit einem gerechten Remis. Stand: 14,5 : 10,5 für MCGE 300 MHZ (58,00 %)} 1. e4 c5 2. c3 d5 3. exd5 Qxd5 4. d4 e6 5. Nf3 Nf6 6. Na3 {Buchende} Be7 ({Leptir Analyzer-avx2:} 6... Nc6 7. Be3 cxd4 8. Nb5 Qd7 9. Nbxd4 Nd5 10. Nxc6 bxc6 11. Bd2 Bb7 12. c4 Nb4 13. Qa4 c5 14. Qxd7+ Kxd7 15. O-O-O Bxf3 16. gxf3 Nc6 17. f4 Nd4 18. Bc3 Rd8 19. f5 exf5 20. Bg2 Be7 21. Bxd4 cxd4 22. Rxd4+ Kc7 {[%eval 21,32]}) 7. Nb5 {Buchbewertung Tasc R40 V2.5: +0,09} Na6 {Buchende} 8. Bd3 cxd4 {Buchbewertung MCGE: 0,00 / lt. Komodo ist die Stellung etwa gleich / auch diese Eröffnung gab es im Match gegen Tasc R30 V 2.5, damals gewann MCGE} 9. cxd4 O-O 10. O-O Bd7 11. Nc3 {bereits früh weicht die Partie ab von jener gegen Tasc R30 V 2.5, der spielte hier 11. Te1} Qd6 12. Ne5 Nb4 13. Bg5 Nxd3 14. Qxd3 Bc6 15. Rfe1 Rfd8 16. Rad1 Bd5 $2 {ein schwacher Zug, danach ist Weiss im Vorteil, Komodo -1,00 mit der Fortsetzung Te3, deutlich besser ist Tac8 mit Ausgleich} 17. b3 $2 {ebenfalls schwach, danach ist die Stellung wieder etwa gleich} Rab8 $2 {völliger Unsinn, wozu bitte versteckt sich der Turm hinter dem eigenen B-Bauern ?, natürlich Tac8} 18. Rc1 Rbc8 {na bitte, geht ja} 19. Qe2 Rxc3 20. Rxc3 Ne4 21. Bxe7 Nxc3 22. Bxd6 Nxe2+ 23. Rxe2 Rxd6 24. Rc2 g6 25. Rc8+ Kg7 26. Rc7 Ra6 27. a4 Bxb3 28. Rxf7+ Kg8 29. Rxb7 Rxa4 30. f3 Bd5 31. Rc7 a5 32. Rc8+ Kg7 33. Rc7+ Kg8 34. Rc8+ Kg7 35. Rc7+ Kg8 36. Rc8+ {Stellungswiederholung} 1/2-1/2

[Event "Turnier 40 / 120"]
[Site "Wien"]
[Date "2023.??.??"]
[Round "26"]
[White "ChessGenius Exclusive 300 MHz"]
[Black "Tasc R40 V2.50 Phoenix"]
[Result "1/2-1/2"]
[WhiteElo "2405"]
[BlackElo "2401"]
[Annotator "Christian"]
[PlyCount "113"]
[EventDate "2023.??.??"]

{[%evp 0,39,25,20,23,5,5,-36,-38,-26,-17,-56,-49,-39,-40,-57,-8,-16,-12,-41,-43,-65,-52,-47,-64,-65,-46,-70,-67,-76,-43,-54,-47,-57,-56,-54,-29,-9,21,25,8,-86] Runde 26: Wiener Partie / Eine Partie, die einen sprachlos macht, eine derart katastrophale Vorstellung würde ich in einem Wettkampf zweier Geräte um die 2000 ELO erwarten, für diese Kategorie nur ein Kommentar dazu: SCHANDFLECK !!! Ein Remis der übelsten Sorte aus der Sicht von Tasc R40 V 2.5, der hier unzählige Gewinnchancen vergibt. Stand: 15,0 : 11,0 für MCGE 300 MHZ (57,69 %)} 1. e4 e5 2. Nc3 Nf6 3. g3 Bc5 4. Bg2 O-O {Buchende} 5. Nf3 {Buchende / auch diese Eröffnung gab es im Match gegen Tasc R30 V 2.5, damals gewann MCGE} d5 {Buchbewertung Tasc R40 V 2.5: +0,44} 6. exd5 {Buchbewertung MCGE: -0,40 / lt. Komodo steht Schwarz knapp besser mit ca. +0,40} e4 7. Ng1 Re8 8. Nge2 Bf5 {bereits früh weicht die Partie ab von jener gegen Tasc R30 V 2.5, der spielte damals 8. Lg4} 9. b3 $2 {ein schlechter Zug, danach ist Schwarz im Vorteil, Komodo -0,80, deutlich besser ist d3 mit ca. -0,30} ({Leptir Analyzer-avx2:} 9. d3 c6 10. Nxe4 Nxe4 11. dxe4 Bxe4 12. Bxe4 Rxe4 13. O-O cxd5 14. Nc3 Re5 15. Bf4 Rf5 16. Qd3 Qd7 17. Rad1 d4 18. Bxb8 Rxb8 19. Ne2 Rd8 20. c3 Rh5 21. Nf4 Rh6 22. Qe4 Re8 23. Qf3 Qc6 24. Qxc6 Rxc6 25. cxd4 Bd6 26. Rfe1 Rxe1+ 27. Rxe1 {[%eval 26,31]}) 9... c6 10. dxc6 $4 {ein schlechter Zug, lt. Komodo wäre es deutlich besser den Bauern bereits aufzugeben, nach dem Textzug ist Schwarz bereits klar im Vorteil Komodo -1,20, deutlich besser ist 0-0 mit ca. -0,80} ({Leptir Analyzer-avx2:} 10. O-O Nxd5 11. a3 Nxc3 12. dxc3 Nd7 13. b4 Be7 14. Be3 Bf6 15. Re1 h6 16. Qd2 Nb6 17. Qxd8 Raxd8 18. h3 Nd5 19. Bd4 Bxd4 20. cxd4 e3 21. c3 Be4 22. Bxe4 exf2+ 23. Kxf2 Rxe4 24. c4 Nb6 25. Rac1 Rde8 26. b5 g5 27. bxc6 bxc6 28. c5 Nd5 29. Ng1 {[%eval -71,34]}) 10... Nxc6 11. Na4 $2 {MCGE: +0,04 ??? / ein absoluter Verlustzug, danach ist die Partie bereits klar verloren, Komodo -3,00, immer noch war 0-0 angesagt, mit der Fortsetzung Sd4, Sxd4, Dxd4, Sxc5, Dxa1 geht bereits die Qualität verloren} Bd6 $2 {Tasc R40 verpasst den sofortigen Gewinn, aber auch nach dem Textzug steht Schwarz klar besser, aber der Vorteil wurde etwa halbiert, Komodo +1,60} ({Leptir Analyzer-avx2: 1)} 11... Bxf2+ 12. Kxf2 e3+ 13. dxe3 Ng4+ 14. Ke1 Qxd1+ 15. Kxd1 Rad8+ 16. Ke1 Nb4 17. Nac3 Nxc2+ 18. Kf1 Nxa1 19. e4 Bg6 20. h3 Ne5 21. Nf4 Nd3 22. Ke2 Nxf4+ 23. Bxf4 Nc2 24. g4 Nb4 25. Rd1 Rxd1 26. Kxd1 f6 27. Ke2 Rc8 28. Kd2 Rd8+ 29. Ke2 Bf7 30. Be3 Rc8 31. Bd2 b6 32. Bf1 h5 33. Nb5 Nxa2 34. Nd6 Rc2 35. Nxf7 Kxf7 36. gxh5 b5 37. h6 gxh6 38. Kd3 Rb2 39. Bxh6 Rxb3+ 40. Kc2 Rf3 41. Bxb5 Nb4+ 42. Kd2 Rxh3 {[%eval -346,40]}) ({Leptir Analyzer-avx2: 2)} 11... Nd4 12. Nxd4 Qxd4 13. Nxc5 Qxa1 14. O-O Bg4 15. Qe1 Qxa2 16. Nxb7 Qxc2 17. Qe3 Qc6 18. Na5 Qb6 19. Qc3 Nd5 20. Qa1 Bf3 21. Bb2 Qg6 22. Nc4 Nf4 23. Ne3 Bxg2 24. Nxg2 Ne2+ 25. Kh1 Rad8 26. Bc3 Qg4 27. Qxa7 Nxc3 28. dxc3 Qf3 29. Qe3 Rd1 30. Rxd1 Qxd1+ 31. Ne1 Qxb3 32. h4 h6 33. Ng2 Qc4 34. Kh2 Qd3 35. Qc5 Qf3 36. Ne1 Qf6 37. Ng2 e3 38. fxe3 Qf3 39. c4 Rd8 40. Qa5 Rd1 {[%eval -323,40]}) 12. Bb2 b5 13. Nac3 b4 $2 {ein schwacher Zug, der den Vorteil von Schwarz etwa halbiert, Komodo +1,00, nötig war Le5 mit ca. +2,00} 14. Na4 Rc8 15. O-O Be5 16. Re1 Bg4 17. c3 Qd6 $2 {ein schwacher Zug, der neuerlich den Vorteil von Schwarz halbiert, Komodo nur noch +0,60 mit der Fortsetzung a3, deutlich besser ist Dd3 mit ca. +1,30} 18. h3 Bh5 19. a3 Rcd8 $2 {ein schwacher Zug, der jeglichen Vorteil verspielt, danach ist die Stellung im Lot, Vorteil versprach noch bxc3 mit ca. +0,70} 20. g4 $2 {ein HORRORZUG !!!, der die Partie sofort verliert, Komodo -6,00 !!! mit der Fortsetzung Sxg4, danach ist alles aus, nötig war axb4 mit Ausgleich} bxc3 $2 {ein grottenschlechter Zug, der Weiss noch am Leben lässt und ca. 4,50 Bauerneinheiten einbüsst !!, Komodo +1,50} ({Leptir Analyzer-avx2:} 20... Nxg4 21. Nf4 bxc3 22. hxg4 cxb2 23. Nxb2 Bxb2 24. Nxh5 Bxa1 25. Qxa1 Nd4 26. Qd1 Nf3+ 27. Bxf3 exf3 28. Rxe8+ Rxe8 29. Qxf3 Qxd2 30. Ng3 Qc1+ 31. Kg2 Qxa3 32. Qc6 Qe7 33. b4 Rd8 34. Qc3 Qg5 35. Qc7 a6 36. f3 Qd2+ 37. Kh3 Qh6+ 38. Nh5 Qd6 39. Qc3 Qd4 40. Qc7 Rf8 41. Qc3 Qxc3 42. Nf6+ Qxf6 43. Kg3 Qd6+ 44. Kf2 Qxb4 {[%eval -432,25]}) 21. dxc3 Qc7 22. Nd4 Bg6 23. Kf1 $2 {was MCGE hier veranstaltet man muss es leider so hart ausdrücken ist einfach nur LETZTKLASSIG !!!, der nächste absolute Verlustzug, danach ist die Partie klar verloren, Komodo -3,00, deutlich besser ist Sc5 mit ca. -1,50} Nd5 24. Bxe4 $2 {unbeschreiblich schlecht, da fehlen einem wirklich die Worte, Komodo -5,00, immer noch war Sc5 die klar bessere Wahl} Nxc3 $2 {da kann man nur den Kommentar des vorigen Zuges kopieren, Komodo +1,50, verschenkt 3,5 Bauerneinheiten !!!, sofort gewonnen hätte Lxe4} 25. Nxc3 Nxd4 26. Rc1 $4 {wieder ganz schlecht, deutlich besser ist Sd5, Komodo -2,00} Qb6 27. b4 Bf4 28. Ra1 $4 {weit schwächer als Lxg6, Komodo -2,70} Bxe4 $2 {deutlich schwächer als Kf8, Komodo +2,00} 29. Rxe4 $4 {hier wird wahrlich kein Fettnäpfchen ausgelassen, selbst bei nur 2 Möglichkeiten, wird immer noch die weit schlechtere gewählt, deutlich besser ist Sxe4, Komodo -2,70} Qc6 30. b5 Qa8 31. f3 $2 {ja man braucht das eigentlich gar nicht mehr zu kommentieren, an dieser Stelle beende ich jede weitere Kommentierung mit dem allgemeinen Kommentar: DIESE STELLUNG ÜBERFORDERT EINFACH DIE BEIDEN GERÄTE, INSBESONDERE JEDOCH MCGE, der Textzug ist weitaus schlechter als Dd3 und die Stellung hoffnungslos verloren, Komodo -3,60} Ne6 32. Qb1 g6 33. Ne2 f5 34. gxf5 gxf5 35. Nxf4 fxe4 36. Nh5 Qb8 37. Nf6+ Kf8 $2 {ein geradezu tollpatschiger Zug, jeder Mensch würde hier Kf7 ziehen, unglaublich, doch dieser Zug gewährt Weiss wieder Chancen, Komodo nur noch -1,20, Kf7 hätte Komodo bereits mit +5,00 bewertet} 38. Bc3 Re7 39. Nxe4 $2 {damit bringt sich Weiss wieder um alle Chanen, die Partie ist wieder klar verloren, Komodo -1,60, deutlich mehr Widerstand leistet Lb4} Qh2 40. Qb2 Qxh3+ $2 {ein ganz schlechter Zug, der den Vorteil von Schwarz halbiert, Komodo +0,80, nötig war Dh1+} 41. Qg2 Qxg2+ 42. Kxg2 Nf4+ 43. Kf2 Rc8 44. Bd4 Rc2+ $2 {halbiert neuerlich den Vorteil von Schwarz, Komodo nur noch +0,40, deutlich besser ist Td7} 45. Ke3 Rf7 46. Nf6 Ne2 47. Be5 Nc1 48. Rb1 Re2+ {die Stellung ist bereits im Lot, Komodo 0,00} 49. Kd4 Re1 50. Kd5 Rd1+ 51. Ke4 h5 52. Kf5 Re1 53. b6 Nd3 54. Rxe1 Nxe1 55. Bd6+ Kg7 56. bxa7 Rxa7 57. Nxh5+ {der letzte schwarze Bauer fällt, damit ist das Remis besiegelt, eine unglaublich schwache Partie beider Geräte, die für dieses ELO-Niveau einfach unwürdig ist, so etwas würde ich mir eher in einem Wettkampf von Geräten um die 2000 erwarten. -- EINE SCHANDE !! / Userentscheid: Remis} 1/2-1/2

[Event "Turnier 40 / 120"]
[Site "Wien"]
[Date "2023.??.??"]
[Round "27"]
[White "Tasc R40 V2.50 Phoenix"]
[Black "ChessGenius Exclusive 300 MHz"]
[Result "0-1"]
[WhiteElo "2401"]
[BlackElo "2405"]
[Annotator "Christian"]
[PlyCount "66"]
[EventDate "2023.??.??"]

{[%evp 0,36,19,31,14,1,-3,4,6,-10,7,21,39,28,47,51,32,33,33,29,29,29,38,28,24,8,16,8,16,10,20,20,23,7,31,30,13,7,4]} 1. d4 Nf6 {Runde 27: abgelehntes Damengambit / In dieser Variante hat MCGE grossen Buchvorteil mit 14 Zügen zu 6 Zügen startet er mit einer halben Stunde Zeitvorsprung in die Partie, es werden dann sehr rasch alle Leichtfiguren abgetauscht und wir sind bereits nach 20 Zügen in einem Schwerfigurenendspiel, in diesem macht dann der Tasc R40 V2.5 eine ganz schlechte Figur und macht dem Gegner den Gewinn sehr leicht. Stand: 16,0 : 11,0 für MCGE 300 MHZ (59,26 %)} 2. c4 e6 3. Nc3 d5 4. Bg5 Be7 5. e3 Nbd7 6. Nf3 {***ENDE BUCH***} c6 7. cxd5 {Buchbewertung Tasc R40 V 2.5: +0,31} exd5 8. Bd3 O-O 9. Qc2 h6 10. Bh4 Re8 11. O-O Ne4 12. Bxe4 Bxh4 13. Bh7+ Kh8 14. Nxh4 Qxh4 15. Bd3 Nf6 {***ENDE BUCH***} 16. Rfe1 Ne4 {Buchbewertung MCGE: -0,14 / lt. Komodo steht Weiss knapp besser mit ca. +0,40} 17. Rac1 Bf5 18. Na4 Qg5 19. Nc5 Nxc5 20. Bxf5 Ne4 21. Bxe4 Rxe4 22. Red1 f5 23. Qb3 Re7 24. Qa3 Rf7 25. Rc3 f4 26. f3 $2 {ein schwacher Zug, danach steht Schwarz besser, Komodo -1,00, deutlich besser ist exf4} Re8 27. exf4 Qxf4 {[#]} 28. Qxa7 $2 {ein Verlustzug, danach ist die Partie klar verloren, Komodo -2,00, nötig war Tc2 mit ca. -1,00} ({Leptir Analyzer-avx2:} 28. Rc2 a6 29. Qc3 Rfe7 30. Rf2 Re3 31. Qd2 Qh4 32. a4 Qf6 33. h3 Kg8 34. Rc1 R8e6 35. Kh1 Re7 36. Rb1 Re8 37. Rbf1 Qe7 38. Rc1 Rb3 39. Kg1 Qb4 40. Rc3 Qxa4 41. Rxb3 Qxb3 42. Re2 {[%eval -82,30]}) 28... Re2 29. Qa8+ $2 {ein absoluter Verlustzug, danach ist alles vorbei, Komodo -10,00 !!, nötig war g3} Kh7 30. Kh1 Rfe7 31. Rg1 Re1 32. Qa4 R7e2 33. Qc2+ (33. g3 Rxg1+ 34. Kxg1 Qd2 $19) 33... Rxc2 {Rest geschenkt} 0-1

[Event "Turnier 40 / 120"]
[Site "Wien"]
[Date "2023.??.??"]
[Round "28"]
[White "ChessGenius Exclusive 300 MHz"]
[Black "Tasc R40 V2.50 Phoenix"]
[Result "0-1"]
[WhiteElo "2405"]
[BlackElo "2401"]
[Annotator "Christian"]
[PlyCount "68"]
[EventDate "2023.??.??"]

{[%evp 0,42,19,29,23,17,70,25,32,8,11,16,6,0,-8,-7,9,9,-20,-53,-36,-50,-43,-44,-37,-32,-37,-70,-68,-68,-68,-91,-100,-111,-127,-127,-109,-115,-117,-119,-111,-149,-114,-113,-115]} 1. Nf3 d5 {Runde 28: Damengambit Slawisch, Geller Gambit / Nach einer ganz schlechten Eröffnung, da in dieser Variante das Feld d5 eine extreme Schwäche der weissen Stellung darstellt und frei für beliebige schwarze Figuren ist, ist MCGE hier absolut chancenlos und Tasc R40 kann die Staffel wieder ausgleichen. Eine grottenschlechte Partie von MCGE, allerdings muss man sagen nach dieser Eröffnung war einfach nichts drinnen ! Stand: 16,0 : 12,0 für MCGE 300 MHZ (57,14 %)} 2. d4 c6 3. c4 Nf6 4. Nc3 dxc4 5. e4 b5 6. e5 Nd5 7. a4 e6 8. Be2 {Buchende} Bb7 {Buchende} 9. axb5 $2 {Buchbewertung MCGE: -0,32 / gleich der 1. berechnete Zug ist ganz schwach, danach hat Weiss praktisch gar nichts mehr für den geopferten Bauern und Schwarz steht bereits klar besser, Komodo -0,90, es gibt mehrere bessere Züge, z.B. Ld2, Se4 oder 0-0} (9. O-O Be7 10. Ne4 h6 $1 11. Bd2 Nd7 12. b3 cxb3 13. Qxb3 a6 14. Ne1 Qb6 15. Nc2 O-O 16. Qg3 Kh8 17. Qh3 f5 18. Bxh6 Kg8 19. Qg3 Rf7 20. Bh5 Raf8 21. Nd6 f4 22. Bxf7+ Rxf7 23. Qg6 Bxd6 24. exd6 Nf8 25. Qg4 Qd8 26. Bg5 Qxd6 27. Rfe1 b4 28. Rac1 b3 29. h4 bxc2 30. Rxc2 Qb4 31. Rce2 Qxd4 32. h5 Qd3 33. Rxe6 Nxe6 34. Qxe6 Qf5 35. Qd6 Qd7 36. Qb8+ Rf8 37. Qe5 c5 38. h6 Rf5 39. Qb8+ Kh7 40. Re8 Rxg5 41. Rh8+ Kg6 42. hxg7 Rxg2+ 43. Kh1 Qxg7 44. Rg8 Kh7 45. Rxg7+ Rxg7 46. Kh2 c4 47. Qe5 c3 48. Qh5+ Kg8 49. Qe8+ Kh7 50. Qh5+ Kg8 51. Qe8+ Kh7 52. Qh5+ {½-½ (52) Salem,A (2684)-Holt,C (2553) Chess.com INT 2022}) 9... Nxc3 {Buchbewertung Tasc R40 V 2.5 (man weiss ja dass er manchmal Bauern gering einschätzt, aber dass er sich hier gar im Nachteil sieht ist doch erstaunlich): -0,06} 10. bxc3 cxb5 11. Bg5 {das bringt gar nichts für Weiss, Komodo -1,20, besser ist 0-0} Be7 12. Bxe7 Qxe7 {meiner Meinung nach ist die Stellung durch die Schwäche des Feldes d5, wo in Zukunft wahlweise jede schwarze Figur hingehen kann bereits klar verloren für Weiss und damit stehe ich nicht alleine da und habe sozusagen prominente Unterstützung: Stockfish 15: -2,00 !!} 13. O-O O-O 14. Qd2 Nd7 {na logisch es beginnt bereits, dann kommt der Springer über b6 nach d5 und das war es praktisch} 15. Qf4 {irgendwie versucht Weiss noch Gegenspiel zu erlangen, indem er die Dame für einen Königsangriff in Stellung bringen will, irgendwie verständlich, aber in diesem Fall eine schlechte Idee, die die Lage nur verschlimmert, Komodo -1,80, besser ist noch Tfb1, aber wie gesagt, meiner Meinung nach hier schon egal / Stockfish 15: -3,00 !!} Nb6 {sonnenklar} 16. Rfc1 $2 {viel zu passiv, deutlich besser ist noch Tfb1, allerdings muss ich sagen, ein hinterhältiger Plan von MCGE, denn hier will er seinem Gegner Sand in die Augen streuen und schlägt ernsthaft 16. b4 ??? vor, was ihm wieder Chancen einräumen würde, da wird ihm der Tasc R40 aber wohl etwas husten -:)} a5 $1 {na logisch, der Vorschlag des MCGE kann ja nicht ernsthaft angenommen werden, Komodo -3,00} 17. Nd2 Rfc8 18. Ne4 {pure Verzweiflung hier irgendwie noch Gegenspiel zu erlangen, aber logischerweise wird der Springer natürlich geschlagen, das Eindringen nach d6 oder c5 ist ja bestenfalls ein Wunschtraum, Komodo -3,50, absurd ist an dieser Stelle die Stellungsbewertung von MCGE: -0,39 ????, einfach unfassbar, diese Blindheit} Bxe4 {alternativlos, auch Tasc R40 ist noch viel zu vorsichtig in seiner Bewertung: +0,90, aber immerhin etwas realistischer als der MCGE} 19. Qxe4 {ein Selbstläufer, denkt man, gegen b4 ! ist natürlich kein Kraut mehr gewachsen, Komodo -4,00} Nd5 $2 {sieht auch logisch aus, ist aber ganz schwach und halbiert praktisch den Vorteil von Schwarz, der aber natürlich trotzdem klar auf Gewinn steht, Komodo +2,00} 20. Qg4 {deutlich besser ist noch h4, hier gewinnt natürlich wieder b4, Komodo -3,50} a4 $2 {natürlich eindeutig der falsche Bauer, büsst 1,5 Bauerneinheiten !! ein, Komodo +2,00} 21. Bf3 a3 $2 {das ist voreilig, immer noch war b4 angesagt, klarerweise steht aber Schwarz immer noch klar besser, Komodo +1,50} 22. Bxd5 exd5 23. Rcb1 $2 {ein Verlustzug, deutlich mehr Widerstand leistet noch Df3, Komodo -2,70} Rcb8 24. Rb4 Qe6 $2 {ein schlechter Zug, der den Vorteil von Schwarz fast halbiert, sofort gewonnen hätte Ta4 mit +2,70, Komodo +1,50} 25. Qf3 Ra5 26. Ra2 $2 {ein Verlustzug !!, es war angebracht vorausschauend ein Luftloch für den König zu schaffen mittels h4, nach dem Textzug ist die Partie klar verloren, Komodo -3,00 mit der Fortsetzung f6} f6 $1 27. Qe3 fxe5 28. dxe5 Qg6 $2 {weit schwächer als Te8, Komodo +1,80} 29. h3 $2 {ein absoluter Verlustzug, danach ist die Partie sofort verloren, De4 musste verhindert werden mittels f3, Komodo -3,00} Re8 $2 {ein ganz schwacher Zug der den Gewinn unnötig erschwert, also dass Schwarz hier auf De4 verzichtet ist schon erstaunlich, natürlich steht Schwarz auch nach dem Textzug noch klar auf Gewinn, aber es erschwert diesen doch, Komodo +2,00} 30. f4 Rc8 {besser ist Td8, Komodo +1,50} 31. Kf2 $2 {deutlich schwächer als Dd4, nach dem Textzug ist die Partie wieder ganz klar verloren, Komodo -2,40} Rd8 32. Kg1 $2 {dazu verweigere ich den Kommetar, danach kann man sofort den Stecker ziehen, der Rest ist mir kein Wort mehr Wert, einfach INDISKUTABEL !!!!; Komodo -4,50, nötig war natürlich Dd4} d4 33. cxd4 Qb6 34. Kh2 Qxd4 {Rest geschenkt} 0-1